[Event "Stay Safe Play From Home 152"]
[Site "T#646138Emanuel Laske"]
[Date "2020.05.17"]
[Round "9"]
[White "Edmatuag"]
[Black "MartinKestler"]
[Result "0-1"]
[WhiteElo "1667"]
[BlackElo "1926"]
[PlyCount "116"]
[EventDate "2020.05.17"]
[EventType "swiss (blitz)"]

1. Nf3 {[%emt 0:00:03]} e6 {[%emt 0:00:01]} 2. d4 {[%emt 0:00:01]} d5 {[%emt 0:00:00]} 3. Nc3 {[%emt 0:00:01]} Nf6 {[%emt 0:00:00]} 4. Bg5 {[%emt 0:00:01]} Be7 {[%emt 0:00:00]} 5. e3 {[%emt 0:00:01]} Nbd7 {[%emt 0:00:03]} 6. Bd3 {[%emt 0:00:01]} O-O {[%emt 0:00:01]} 7. O-O {[%emt 0:00:01]} b6 {[%emt 0:00:00]} 8. h3 {[%emt 0:00:00]} Bb7 {[%emt 0:00:01]} 9. Ne2 {[%emt 0:00:00]} c5 {[%emt 0:00:01]} 10. c3 {[%emt 0:00:00]} cxd4 {[%emt 0:00:01]} 11. Bc2 {[%emt 0:00:00]} a6 {[%emt 0:00:00]} 12. exd4 {[%emt 0:00:01]} h6 {[%emt 0:00:00]} 13. Bxf6 {[%emt 0:00:01]} Bxf6 {[%emt 0:00:01]} 14. Ng3 {[%emt 0:00:00]} Be7 {[%emt 0:00:01]} 15. Nh5 {[%emt 0:00:01]} Nf6 {[%emt 0:00:01]} 16. Nxf6+ {[%emt 0:00:02]} Bxf6 {[%emt 0:00:00]} 17. Qd3 {[%emt 0:00:03]} g6 {[%emt 0:00:01]} 18. Qe3 {[%emt 0:00:02]} Kg7 {[%emt 0:00:01]} 19. Qf4 {[%emt 0:00:01]} Qb8 {[%emt 0:00:02]} 20. Qg4 {[%emt 0:00:02]} h5 {[%emt 0:00:01]} 21. Qg3 {[%emt 0:00:02]} Qxg3 {[%emt 0:00:01]} 22. fxg3 {[%emt 0:00:00]} Rac8 {[%emt 0:00:00]} 23. Nh4 {[%emt 0:00:01]} Bxh4 {[%emt 0:00:02]} 24. gxh4 {[%emt 0:00:00]} b5 {[%emt 0:00:00]} 25. Rf4 {[%emt 0:00:02]} Rce8 {[%emt 0:00:00]} 26. Raf1 {[%emt 0:00:02]} e5 {[%emt 0:00:00]} 27. dxe5 {[%emt 0:00:02]} Rxe5 {[%emt 0:00:00]} 28. Rf6 {[%emt 0:00:01]} Bc8 {[%emt 0:00:04]} 29. Bxg6 {[%emt 0:00:02]} Be6 {[%emt 0:00:04]} 30. Bf5 {[%emt 0:00:03]} Kxf6 {[%emt 0:00:01]} 31. Bxe6+ {[%emt 0:00:01]} Kxe6 {[%emt 0:00:00]} 32. Rf4 {[%emt 0:00:02]} f5 {[%emt 0:00:01]} 33. Kh2 {[%emt 0:00:00]} Re4 {[%emt 0:00:01]} 34. Rf2 {[%emt 0:00:00]} f4 {[%emt 0:00:01]} 35. g3 {[%emt 0:00:01]} fxg3+ {[%emt 0:00:01]} 36. Kxg3 {[%emt 0:00:01]} Rxf2 {[%emt 0:00:01]} 37. Kxf2 {[%emt 0:00:01]} Kf5 {[%emt 0:00:00]} 38. Kg3 {[%emt 0:00:00]} Re3+ {[%emt 0:00:01]} 39. Kg2 {[%emt 0:00:01]} Re2+ {[%emt 0:00:00]} 40. Kf3 {[%emt 0:00:02]} Rxb2 {[%emt 0:00:00]} 41. c4 {[%emt 0:00:01]} Rxa2 {[%emt 0:00:00]} 42. cxd5 {[%emt 0:00:02]} Ke5 {[%emt 0:00:01]} 43. d6 {[%emt 0:00:02]} Kxd6 {[%emt 0:00:01]} 44. Kf4 {[%emt 0:00:01]} b4 {[%emt 0:00:00]} 45. Kg5 {[%emt 0:00:01]} b3 {[%emt 0:00:00]} 46. Kxh5 {[%emt 0:00:00]} b2 {[%emt 0:00:00]} 47. Kg6 {[%emt 0:00:00]} b1=Q+ {[%emt 0:00:00]} 48. Kg7 {[%emt 0:00:01]} Rh2 {[%emt 0:00:04]} 49. h5 {[%emt 0:00:01]} Rxh3 {[%emt 0:00:01]} 50. h6 {[%emt 0:00:00]} Rxh6 {[%emt 0:00:01]} 51. Kxh6 {[%emt 0:00:02]} Qg1 {[%emt 0:00:00]} 52. Kh5 {[%emt 0:00:01]} a5 {[%emt 0:00:01]} 53. Kh4 {[%emt 0:00:00]} a4 {[%emt 0:00:00]} 54. Kh3 {[%emt 0:00:00]} a3 {[%emt 0:00:00]} 55. Kh4 {[%emt 0:00:00]} a2 {[%emt 0:00:00]} 56. Kh5 {[%emt 0:00:00]} a1=Q {[%emt 0:00:00]} 57. Kh6 {[%emt 0:00:00]} Qa2 {[%emt 0:00:00]} 58. Kh7 {[%emt 0:00:00]} Qah2# {[%emt 0:00:01] (Lag: Av=0.70s, max=1.3s)} 0-1

[Event "Stay Safe Play From Home 152"]
[Site "T#646138Emanuel Laske"]
[Date "2020.05.17"]
[Round "9"]
[White "earlmayo"]
[Black "Tobo Rubirosa"]
[Result "0-1"]
[WhiteElo "1620"]
[BlackElo "1544"]
[Annotator "NA"]
[PlyCount "58"]
[EventDate "2020.05.17"]
[EventType "swiss (blitz)"]

1. e4 {[%emt 0:00:03]} c5 {[%emt 0:00:01]} 2. Nf3 {[%emt 0:00:02]} d6 {[%emt 0:00:01]} 3. d4 {[%emt 0:00:01]} cxd4 {[%emt 0:00:01]} 4. Nxd4 {[%emt 0:00:01]} Nf6 {[%emt 0:00:01]} 5. Nc3 {[%emt 0:00:01]} a6 {[%emt 0:00:00]} 6. Be2 {[%emt 0:00:04]} e5 {[%emt 0:00:01]} 7. Nf3 {[%emt 0:00:01]} Be7 {[%emt 0:00:00]} 8. Nd5 {[%emt 0:00:01]} Nxe4 {[%emt 0:00:03]} 9. Nxe7 {[%emt 0:00:02]} Kxe7 {[%emt 0:00:03]} 10. O-O {[%emt 0:00:04]} Re8 {[%emt 0:00:03]} 11. Ng5 {[%emt 0:00:02]} Nxg5 {[%emt 0:00:03]} 12. Bxg5+ {[%emt 0:00:02]} f6 {[%emt 0:00:00]} 13. Be3 {[%emt 0:00:02]} Kf8 {[%emt 0:00:01]} 14. c4 {[%emt 0:00:03]} Be6 {[%emt 0:00:01]} 15. b3 {[%emt 0:00:01]} Nc6 {[%emt 0:00:02]} 16. Qc2 {[%emt 0:00:02]} Kg8 {[%emt 0:00:01]} 17. a3 {[%emt 0:00:03]} Qe7 {[%emt 0:00:02]} 18. h3 {[%emt 0:00:01]} Rac8 {[%emt 0:00:01]} 19. Rfd1 {[%emt 0:00:01]} d5 {[%emt 0:00:02]} 20. cxd5 {[%emt 0:00:02]} Nd4 {[%emt 0:00:01]} 21. Bxd4 {[%emt 0:00:01]} Rxc2 {[%emt 0:00:03]} 22. Bd3 {[%emt 0:00:02]} Rcc8 {[%emt 0:00:04]} 23. Rac1 {[%emt 0:00:02]} exd4 {[%emt 0:00:01]} 24. Rxc8 {[%emt 0:00:03]} Bxc8 {[%emt 0:00:02]} 25. Kf1 {[%emt 0:00:03]} Qxa3 {[%emt 0:00:01]} 26. g3 {[%emt 0:00:02]} Qxb3 {[%emt 0:00:01]} 27. Bb1 {[%emt 0:00:03]} Qxd1+ {[%emt 0:00:01]} 28. Kg2 {[%emt 0:00:02]} Qxb1 {[%emt 0:00:00]} 29. Kf3 {[%emt 0:00:01]} Qe4# {[%emt 0:00:02] (Lag: Av=1.20s, max=1.9s)} 0-1

[Event "Stay Safe Play From Home 152"]
[Site "T#646138Emanuel Laske"]
[Date "2020.05.17"]
[Round "9"]
[White "Trotsky"]
[Black "Little champs"]
[Result "0-1"]
[WhiteElo "1555"]
[BlackElo "2125"]
[PlyCount "72"]
[EventDate "2020.05.17"]
[EventType "swiss (blitz)"]

1. d4 {[%emt 0:00:01]} Nf6 {[%emt 0:00:02]} 2. e3 {[%emt 0:00:00]} e6 {[%emt 0:00:01]} 3. c4 {[%emt 0:00:01]} d5 {[%emt 0:00:00]} 4. Nc3 {[%emt 0:00:01]} Be7 {[%emt 0:00:00]} 5. Nf3 {[%emt 0:00:01]} O-O {[%emt 0:00:00]} 6. Qc2 {[%emt 0:00:01]} b6 {[%emt 0:00:00]} 7. Bd3 {[%emt 0:00:02]} Bb7 {[%emt 0:00:00]} 8. Ng5 {[%emt 0:00:01]} h6 {[%emt 0:00:02]} 9. h4 {[%emt 0:00:01]} dxc4 {[%emt 0:00:02]} 10. Bh7+ {[%emt 0:00:02]} Kh8 {[%emt 0:00:01]} 11. Bd2 {[%emt 0:00:01]} c5 {[%emt 0:00:01]} 12. e4 {[%emt 0:00:01]} cxd4 {[%emt 0:00:01]} 13. e5 {[%emt 0:00:01]} d3 {[%emt 0:00:02]} 14. Bxd3 {[%emt 0:00:09]} Qxd3 {[%emt 0:00:02]} 15. Qxd3 {[%emt 0:00:01]} cxd3 {[%emt 0:00:01]} 16. Nh3 {[%emt 0:00:02]} Nd5 {[%emt 0:00:02]} 17. O-O-O {[%emt 0:00:02]} Nxc3 {[%emt 0:00:01]} 18. Bxc3 {[%emt 0:00:01]} Bxg2 {[%emt 0:00:01]} 19. Rhg1 {[%emt 0:00:02]} Bxh3 {[%emt 0:00:02]} 20. Rg3 {[%emt 0:00:02]} Bf5 {[%emt 0:00:01]} 21. Kd2 {[%emt 0:00:03]} Nc6 {[%emt 0:00:01]} 22. Rdg1 {[%emt 0:00:01]} Rg8 {[%emt 0:00:01]} 23. Kc1 {[%emt 0:00:04]} Bxh4 {[%emt 0:00:01]} 24. R3g2 {[%emt 0:00:02]} Bg5+ {[%emt 0:00:01]} 25. Kb1 {[%emt 0:00:01]} d2+ {[%emt 0:00:00]} 26. Ka1 {[%emt 0:00:01]} Bc2 {[%emt 0:00:01]} 27. Rxg5 {[%emt 0:00:02]} d1=Q+ {[%emt 0:00:04]} 28. Rxd1 {[%emt 0:00:05]} Bxd1 {[%emt 0:00:01]} 29. Rg1 {[%emt 0:00:02]} Rad8 {[%emt 0:00:02]} 30. a3 {[%emt 0:00:03]} Bb3 {[%emt 0:00:01]} 31. Kb1 {[%emt 0:00:02]} Rd1+ {[%emt 0:00:01]} 32. Rxd1 {[%emt 0:00:02]} Bxd1 {[%emt 0:00:00]} 33. Ka2 {[%emt 0:00:01]} Bg4 {[%emt 0:00:00]} 34. a4 {[%emt 0:00:00]} Rd8 {[%emt 0:00:01]} 35. Ka3 {[%emt 0:00:01]} Rd5 {[%emt 0:00:00]} 36. Bb4 {[%emt 0:00:01]} Nxe5 {[%emt 0:00:00] Âðåìÿ (Lag: Av=0.77s, max=3.5s)} 0-1

[Event "Stay Safe Play From Home 152"]
[Site "T#646138Emanuel Laske"]
[Date "2020.05.17"]
[Round "9"]
[White "Germanicus G"]
[Black "Lamborghini"]
[Result "0-1"]
[WhiteElo "1264"]
[BlackElo "2294"]
[Annotator "TA"]
[PlyCount "30"]
[EventDate "2020.05.17"]
[EventType "swiss (blitz)"]

{[%evp 15,30,-10,31,0,-23,-41,0,-77,-74,-86,-47,-54,-46,-54,-15,-32,-33]} 1. g3 c5 2. Bg2 Nf6 3. c4 g6 4. Nc3 Bg7 5. Nf3 O-O 6. e3 Nc6 7. O-O d6 8. d4 Bd7 9. dxc5 {E65: King's Indian: Fianchetto: 6...c5 7 0-0 without d5 by White.} ({White should play} 9. b3 $14) 9... dxc5 $11 {[#]} 10. Nd5 $146 ({Predecessor:} 10. b3 Ne4 11. Bb2 Nxc3 12. Qd3 Nb4 13. Qd2 Ne4 14. Qe2 Bxb2 15. Qxb2 Nc6 16. Ne5 Nd6 17. Nxc6 Bxc6 {0-1 (33) Cascao,B-Luz,H (1720) Goiania 2011}) 10... Be6 {[%cal Rf6d5]} 11. Nxf6+ (11. Ng5 $11) 11... Bxf6 $17 12. Qe2 Qb6 13. Rb1 Rfd8 14. b3 a5 15. Bb2 Bxb2 0-1

[Event "Stay Safe Play From Home 152"]
[Site "T#646138Emanuel Laske"]
[Date "2020.05.17"]
[Round "9"]
[White "Mandy"]
[Black "UHU4"]
[Result "0-1"]
[WhiteElo "942"]
[BlackElo "1497"]
[Annotator "NA"]
[PlyCount "44"]
[EventDate "2020.05.17"]
[EventType "swiss (blitz)"]

1. d4 {[%emt 0:00:02]} d5 {[%emt 0:00:01]} 2. Bf4 {[%emt 0:00:01]} Nc6 {[%emt 0:00:01]} 3. e3 {[%emt 0:00:00]} Nf6 {[%emt 0:00:01]} 4. Nf3 {[%emt 0:00:00]} Bg4 {[%emt 0:00:01]} 5. h3 {[%emt 0:00:01]} Bh5 {[%emt 0:00:02]} 6. Be2 {[%emt 0:00:04]} e6 {[%emt 0:00:01]} 7. c3 {[%emt 0:00:00]} Bd6 {[%emt 0:00:01]} 8. Ne5 {[%emt 0:00:03]} Bxe2 {[%emt 0:00:03]} 9. Qxe2 {[%emt 0:00:04]} Bxe5 {[%emt 0:00:01]} 10. Bxe5 {[%emt 0:00:03]} Nxe5 {[%emt 0:00:01]} 11. dxe5 {[%emt 0:00:01]} Nd7 {[%emt 0:00:01]} 12. e4 {[%emt 0:00:01]} dxe4 {[%emt 0:00:04]} 13. Qxe4 {[%emt 0:00:04]} O-O {[%emt 0:00:02]} 14. Nd2 {[%emt 0:00:01]} Nc5 {[%emt 0:00:02]} 15. Qe2 {[%emt 0:00:03]} Nd3+ {[%emt 0:00:02]} 16. Kf1 {[%emt 0:00:07]} b5 {[%emt 0:00:01]} 17. f4 {[%emt 0:00:04]} c5 {[%emt 0:00:01]} 18. c4 {[%emt 0:00:09]} Nxf4 {[%emt 0:00:03]} 19. Qe4 {[%emt 0:00:02]} Qxd2 {[%emt 0:00:03]} 20. Qxf4 {[%emt 0:00:03]} Qxf4+ {[%emt 0:00:01]} 21. Kg1 {[%emt 0:00:01]} bxc4 {[%emt 0:00:01]} 22. b4 {[%emt 0:00:03]} cxb4 {[%emt 0:00:01] Zeit (Lag: Av=0.87s, max=1.3s)} 0-1